The fertilization of the egg of sea-urchin [Strongylocentrotus purpuratus and Strongylocentrotus franciscanus] by the sperm of the starfish [Asterias ochracea]
Saved in:
| Main Author: | |
|---|---|
| Format: | Book |
| Language: | English |
| Published: |
Berkeley,
The University Press,
1903.
|
| Series: | University of California publications. Physiology,
v. 1, no. 6 |
| Subjects: | |
| Tags: |
Add Tag
No Tags, Be the first to tag this record!
|
| LEADER | 01153cam a2200301I 4500 | ||
|---|---|---|---|
| 001 | 005229653-9 | ||
| 005 | 20020606095253.2 | ||
| 008 | 790616s1903 cau s000 0 eng d | ||
| 010 | |a a 11001269 | ||
| 035 | 0 | |a ocm12320538 | |
| 035 | 0 | |a ocm05073598 | |
| 040 | |a TXA |c TXA |d HMZ | ||
| 050 | 4 | |a QP1 |b .C2 v. 1 no. 6 | |
| 090 | |a QP1 |b .C2 v. 1 no. 6 | ||
| 100 | 1 | |a Loeb, Jacques, |d 1859-1924. | |
| 245 | 1 | 4 | |a The fertilization of the egg of sea-urchin [Strongylocentrotus purpuratus and Strongylocentrotus franciscanus] by the sperm of the starfish [Asterias ochracea] |c by Jacques Loeb. |
| 260 | |a Berkeley, |b The University Press, |c 1903. | ||
| 300 | |a [39]-53 p. | ||
| 490 | 1 | |a University of California publications. Physiology, |v v. 1, no. 6 | |
| 500 | |a Cover title. | ||
| 500 | |a "Address delivered before Sigma XI Scientific Society at Stanford University, Oct. 13, 1903." | ||
| 650 | 0 | |a Fertilization (Biology) | |
| 650 | 0 | |a Echinodermata. | |
| 650 | 0 | |a Embryology. | |
| 650 | 0 | |a Sea urchins. | |
| 810 | 2 | |a University of California, Berkeley. |t University of California publications in physiology ; |v v. 1, no. 6. | |
| 988 | |a 20020608 | ||
| 906 | |0 OCLC | ||


